Statistics for Micronations by flags

Click here to take the quiz!

General Stats

  • This quiz has been taken 284 times
  • The average score is 4 of 12

Answer Stats

Answer% Correct
Principality of Sealand
95%
Republic of Molossia
73%
Republic of Liberland
44%
Aerican Empire
43%
Principality of Hutt River
36%
Kingdom of Redonda
27%
Republic of Minerva
26%
Grand Duchy of Westarctica
24%
Kingdom of Enenkio
24%
Kingdom of Talossa
18%
Republic of Glacier
17%
Kingdom of Northern Sudan
5%

Score Distribution

Percentile by Number Answered

Percent of People with Each Score

Your Score History

You have not taken this quiz